Loading...
| Literature - British | 2 | 1 | 0 | 0 | 40 | 52 | 64.33 | 2 | 3 | 0.00 | 0.00 |
| Science - Chemistry | 0 | 4 | 0 | 2 | 40 | 100 | 121.25 | 3 | 4 | 0.00 | 0.00 |
| Literature - European | 2 | 0 | 0 | 0 | 30 | 31 | 44.50 | 2 | 2 | 0.00 | 0.00 |
| 1 | 1 | 0 | 0 | 25 | 55 | 86.50 | 2 | 2 | 0.00 | 0.00 | |
| History - Other | 1 | 0 | 0 | 0 | 15 | 81 | 81.00 | 1 | 1 | 0.00 | 0.00 |
| Fine Arts - Visual | 1 | 0 | 0 | 0 | 15 | 47 | 47.00 | 0 | 1 | 0.00 | 0.00 |
| Other Arts: Visual | 1 | 0 | 0 | 0 | 15 | 60 | 60.00 | 1 | 1 | 0.00 | 0.00 |
| Current Events | 0 | 1 | 0 | 0 | 10 | 78 | 78.00 | 1 | 1 | 0.00 | 0.00 |
| Beliefs | 0 | 1 | 0 | 0 | 10 | 115 | 115.00 | 1 | 1 | 0.00 | 0.00 |
| History - European | 0 | 1 | 0 | 0 | 10 | 133 | 133.00 | 1 | 1 | 0.00 | 0.00 |
| Science - Biology | 1 | 0 | 1 | 0 | 10 | 31 | 31.00 | 1 | 1 | 0.00 | 0.00 |
| Philosophy | 0 | 0 | 0 | 0 | 0 | 0.00 | 0 | 0 | 0.00 | 0.00 |